| 000 | 00360nam a2200133Ia 4500 | ||
|---|---|---|---|
| 008 | 240624s9999 xx 000 0 und d | ||
| 041 | _aeng | ||
| 082 | _a303.48209172 SKU | ||
| 100 | _aSKUSE ANDREW | ||
| 245 | _aDRAMA FOR DEVELOPMENT CULTURAL TRANSFORM | ||
| 260 |
_c2011 _aNew Delhi _bSage Publications India Pvt Ltd |
||
| 300 | _a352 : p. | ||
| 365 |
_cRS _b35 |
||
| 999 |
_c17439 _d17439 |
||